000 nam a22 7a 4500
999 _c10113
_d10113
008 180212b ||||| |||| 00| 0 eng d
100 _aPanadiwal, J
_96132
245 _aSum more maths practice - 2
260 _aNew delhi
_bBharati publication
_c2012